LEADER 00999nam0-22003251i-450 001 990001702690403321 005 20190529131345.0 035 $a000170269 035 $aFED01000170269 035 $a(Aleph)000170269FED01 035 $a000170269 100 $a20030910d1979----km-y0itay50------ba 101 0 $aita 200 1 $aGiudizi dei consumatori sulle ciliege raccolte a macchina$fE. Baldini, G. Bargioni, G. Costa 210 $aBologna$c...$d1979 215 $ap. 6057-6066$d31 cm 300 $aEstr. da: L'Informatore agrario, n.21,1979. 610 0 $aCiliege 610 0 $aMacchine raccoglitrici 676 $a631.35 700 1$aBaldini,$bEnrico$f<1925- >$0306474 701 1$aBargioni,$bGiorgio$073395 701 1$aCosta,$bG.$0345949 801 0$aIT$bUNINA$gRICA$2UNIMARC 901 $aLG 912 $a990001702690403321 952 $a60 OP. 115/14$b47625$fFAGBC 959 $aFAGBC 996 $aGiudizi dei consumatori sulle ciliege raccolte a macchina$9361751 997 $aUNINA LEADER 01579nas 2200517-a 450 001 996213715703316 005 20231101151348.0 011 $a1740-7931 035 $a(OCoLC)56502495 035 $a(CKB)110976725706582 035 $a(CONSER)--2005249049 035 $a(DE-599)ZDB2142067-1 035 $a(EXLCZ)99110976725706582 100 $a20040914a19789999 s-- a 101 0 $aeng 135 $aurcnu|||||||| 181 $ctxt$2rdacontent 182 $cc$2rdamedia 183 $acr$2rdacarrier 200 10$aBritish journal of religious education 210 $a[Oxford] $cCarfax Pub. Co. $cTaylor & Francis Group 300 $aRefereed/Peer-reviewed 311 $a0141-6200 517 3 $aReligious education 517 1 $aBJRE 531 $aBRIT J RELIG EDUC 531 $aBRIT. J. RELIG. EDUC 606 $aReligious education$vPeriodicals 606 $aChristian education$vPeriodicals 606 $aReligious Education$2ebps 606 $aGreat Britain$2ebps 606 $aChristian education$2fast$3(OCoLC)fst00859019 606 $aReligious education$2fast$3(OCoLC)fst01093997 608 $aPeriodicals.$2fast 615 0$aReligious education 615 0$aChristian education 615 7$aReligious Education. 615 7$aGreat Britain. 615 7$aChristian education. 615 7$aReligious education. 712 02$aChristian Education (Organization) 712 02$aTaylor & Francis, 906 $aJOURNAL 912 $a996213715703316 996 $aBritish journal of religious education$92579784 997 $aUNISA LEADER 02828nam 2200685Ia 450 001 9910783725103321 005 20230617004734.0 010 $a1-281-87711-5 010 $a9786611877118 010 $a981-256-571-X 035 $a(CKB)1000000000247187 035 $a(EBL)239625 035 $a(OCoLC)232157253 035 $a(SSID)ssj0000106385 035 $a(PQKBManifestationID)11127410 035 $a(PQKBTitleCode)TC0000106385 035 $a(PQKBWorkID)10106670 035 $a(PQKB)11744712 035 $a(MiAaPQ)EBC239625 035 $a(WSP)00005475 035 $a(Au-PeEL)EBL239625 035 $a(CaPaEBR)ebr10091233 035 $a(CaONFJC)MIL187711 035 $a(OCoLC)62470678 035 $a(EXLCZ)991000000000247187 100 $a20041019d2004 uy 0 101 0 $aeng 135 $aur|n|---||||| 181 $ctxt 182 $cc 183 $acr 200 00$aAsian economic cooperation in the new millennium$b[electronic resource] $eChina's economic presence /$fedited by Calla Wiemer, Heping Cao 210 $aHackensack, N.J. $cWorld Scientific Pub.$d2004 215 $a1 online resource (446 p.) 225 1 $aAdvanced research in Asian economic studies ;$vv. 1 300 $aRevised papers from a conference held at Peking University in May 2002, sponsored by the American Committee on Asian Economic Studies, Peking University School of Economics, and the China Reform Forum. 311 $a981-238-762-5 320 $aIncludes bibliographical references and index. 327 $aForeword; Contents; List of Abbreviations; Introduction: China's Economic Presence Calla Wiemer; REGIONAL ECONOMIC INTEGRATION; ASIAN POLICY & PERFORMANCE; FOCUS ON CHINA; Index 330 $aThis volume is the outgrowth of a conference held at Peking Universityin May 2002, jointly sponsored by the American Committee on AsianEconomic Studies, the Peking University School of Economics, and theChina Reform Forum. The contributors include leading scholars fromAsia as well as specialists on Asia from the US, Europe, andAustralia. 410 0$aAdvanced research in Asian economic studies ;$vv. 1. 606 $aEconomics 607 $aAsia$xEconomic integration 607 $aAsia$xEconomic policy 607 $aChina$xForeign economic relations 607 $aChina$xEconomic policy 615 0$aEconomics. 676 $a337.5 701 $aWiemer$b Calla$01529166 701 $aCao$b Heping$f1957-$01529167 712 02$aAmerican Committee on Asian Economic Studies. 712 02$aBeijing da xue.$bJing ji xue yuan. 712 02$aChina Reform Forum. 801 0$bMiAaPQ 801 1$bMiAaPQ 801 2$bMiAaPQ 906 $aBOOK 912 $a9910783725103321 996 $aAsian economic cooperation in the new millennium$93773216 997 $aUNINA